<?xml version="1.0" encoding="UTF-8"?><record xmlns="http://www.loc.gov/MARC21/slim" xmlns:zs="http://docs.oasis-open.org/ns/search-ws/sruResponse">
  <leader>02235cam a22005175a 4500</leader>
  <controlfield tag="001">17780707</controlfield>
  <controlfield tag="005">20250607054109.6</controlfield>
  <controlfield tag="008">130617s1886    cc            000 0 chi  </controlfield>
  <datafield ind1=" " ind2=" " tag="035">
    <subfield code="a">17780707</subfield>
  </datafield>
  <datafield ind1=" " ind2=" " tag="906">
    <subfield code="a">0</subfield>
    <subfield code="b">ibc</subfield>
    <subfield code="c">orignew</subfield>
    <subfield code="d">u</subfield>
    <subfield code="e">ncip</subfield>
    <subfield code="f">20</subfield>
    <subfield code="g">y-nonroman</subfield>
  </datafield>
  <datafield ind1=" " ind2=" " tag="955">
    <subfield code="h">th78 2013-06-17</subfield>
  </datafield>
  <datafield ind1=" " ind2=" " tag="955">
    <subfield code="a">LCAP batch update 2025-06-02-04:00: LCAPM-644</subfield>
  </datafield>
  <datafield ind1=" " ind2=" " tag="010">
    <subfield code="a">  2012402359</subfield>
  </datafield>
  <datafield ind1=" " ind2=" " tag="040">
    <subfield code="a">DLC</subfield>
    <subfield code="c">DLC</subfield>
  </datafield>
  <datafield ind1=" " ind2=" " tag="066">
    <subfield code="c">$1</subfield>
  </datafield>
  <datafield ind1=" " ind2=" " tag="090">
    <subfield code="a">K134.84 K93</subfield>
  </datafield>
  <datafield ind1="1" ind2=" " tag="100">
    <subfield code="6">880-01</subfield>
    <subfield code="a">Guan, Shiming,</subfield>
    <subfield code="d">1738-1798.</subfield>
  </datafield>
  <datafield ind1="1" ind2=" " tag="880">
    <subfield code="6">100-01/$1</subfield>
    <subfield code="a">管世銘,</subfield>
    <subfield code="d">1738-1798.</subfield>
  </datafield>
  <datafield ind1="1" ind2="0" tag="245">
    <subfield code="6">880-02</subfield>
    <subfield code="a">Du xue shan fang Tang shi chao :</subfield>
    <subfield code="b">san shi si juan.</subfield>
  </datafield>
  <datafield ind1="1" ind2="0" tag="880">
    <subfield code="6">245-02/$1</subfield>
    <subfield code="a">讀雪山房唐詩鈔 :</subfield>
    <subfield code="b">三十四卷.</subfield>
  </datafield>
  <datafield ind1="1" ind2="6" tag="246">
    <subfield code="6">880-03</subfield>
    <subfield code="a">Du xue shan fang Tang shi</subfield>
  </datafield>
  <datafield ind1="1" ind2="6" tag="880">
    <subfield code="6">246-03/$1</subfield>
    <subfield code="a">讀雪山房唐詩</subfield>
  </datafield>
  <datafield ind1=" " ind2=" " tag="250">
    <subfield code="6">880-04</subfield>
    <subfield code="a">[Qing Guangxu shi er nian ke ben].</subfield>
  </datafield>
  <datafield ind1=" " ind2=" " tag="880">
    <subfield code="6">250-04/$1</subfield>
    <subfield code="a">[清光緖十二年刻本].</subfield>
  </datafield>
  <datafield ind1=" " ind2=" " tag="260">
    <subfield code="6">880-05</subfield>
    <subfield code="a">[Wuchang] :</subfield>
    <subfield code="b">Hubei Guan shu chu,</subfield>
    <subfield code="c">Qing Guangxu 12 nian [1886]</subfield>
  </datafield>
  <datafield ind1=" " ind2=" " tag="880">
    <subfield code="6">260-05/$1</subfield>
    <subfield code="a">[武昌] :</subfield>
    <subfield code="b">湖北官書處,</subfield>
    <subfield code="c">清光緖 12 年 [1886]</subfield>
  </datafield>
  <datafield ind1=" " ind2=" " tag="300">
    <subfield code="a">12 v.</subfield>
  </datafield>
  <datafield ind1=" " ind2=" " tag="336">
    <subfield code="a">text</subfield>
    <subfield code="b">txt</subfield>
    <subfield code="2">rdacontent</subfield>
  </datafield>
  <datafield ind1=" " ind2=" " tag="337">
    <subfield code="a">unmediated</subfield>
    <subfield code="b">n</subfield>
    <subfield code="2">rdamedia</subfield>
  </datafield>
  <datafield ind1=" " ind2=" " tag="338">
    <subfield code="a">volume</subfield>
    <subfield code="b">nc</subfield>
    <subfield code="2">rdacarrier</subfield>
  </datafield>
  <datafield ind1=" " ind2=" " tag="500">
    <subfield code="a">In case.</subfield>
  </datafield>
  <datafield ind1=" " ind2=" " tag="880">
    <subfield code="6">500-00/$1</subfield>
    <subfield code="a">十一行二十三字. Eleven lines, with twenty-three characters per line.</subfield>
  </datafield>
  <datafield ind1=" " ind2=" " tag="880">
    <subfield code="6">500-00/$1</subfield>
    <subfield code="a">"嘉慶十四年歲在己巳月在己巳同里趙懷玉撰"; "嘉慶十三年歲在戊辰春伸同里洪亮吉敘"; "乾隆六十年乙卯春武進管世銘韞山氏敘"--Prefaces.</subfield>
  </datafield>
  <datafield ind1=" " ind2=" " tag="530">
    <subfield code="a">Also available in digital form on the Library of Congress Web site.</subfield>
  </datafield>
  <datafield ind1="1" ind2=" " tag="541">
    <subfield code="a">Gift of the Chinese Government.</subfield>
    <subfield code="5">DLC</subfield>
  </datafield>
  <datafield ind1="1" ind2=" " tag="700">
    <subfield code="6">880-06</subfield>
    <subfield code="a">Zhao, Huaiyu,</subfield>
    <subfield code="d">1747-1823,</subfield>
    <subfield code="e">xu.</subfield>
  </datafield>
  <datafield ind1="1" ind2=" " tag="880">
    <subfield code="6">700-06/$1</subfield>
    <subfield code="a">趙懷玉,</subfield>
    <subfield code="d">1747-1823,</subfield>
    <subfield code="e">序.</subfield>
  </datafield>
  <datafield ind1="1" ind2=" " tag="700">
    <subfield code="6">880-07</subfield>
    <subfield code="a">Hong, Liangji,</subfield>
    <subfield code="d">1746-1809,</subfield>
    <subfield code="e">xu.</subfield>
  </datafield>
  <datafield ind1="1" ind2=" " tag="880">
    <subfield code="6">700-07/$1</subfield>
    <subfield code="a">洪亮吉,</subfield>
    <subfield code="d">1746-1809,</subfield>
    <subfield code="e">序.</subfield>
  </datafield>
  <datafield ind1="1" ind2=" " tag="710">
    <subfield code="6">880-08</subfield>
    <subfield code="a">Hubei Sheng (China).</subfield>
    <subfield code="b">Guan shu chu,</subfield>
    <subfield code="e">kan.</subfield>
  </datafield>
  <datafield ind1="1" ind2=" " tag="880">
    <subfield code="6">710-08/$1</subfield>
    <subfield code="a">湖北省 (China).</subfield>
    <subfield code="b">官書處,</subfield>
    <subfield code="e">刊.</subfield>
  </datafield>
  <datafield ind1="2" ind2=" " tag="710">
    <subfield code="a">Chinese Rare Book Collection (Library of Congress).</subfield>
    <subfield code="5">DLC</subfield>
  </datafield>
  <datafield ind1="4" ind2="1" tag="856">
    <subfield code="d">lcnclscd</subfield>
    <subfield code="f">2012402359</subfield>
    <subfield code="u">https://hdl.loc.gov/loc.asian/lcnclscd.2012402359</subfield>
  </datafield>
  <datafield ind1=" " ind2=" " tag="985">
    <subfield code="a">asian/lcnclscd</subfield>
  </datafield>
  <datafield ind1=" " ind2=" " tag="985">
    <subfield code="e">LCNCL</subfield>
  </datafield>
  <datafield ind1=" " ind2=" " tag="985">
    <subfield code="a">asian/asiancrb</subfield>
  </datafield>
</record>
